书目信息 |
| 题名: |
中国可持续发展总纲
|
|
| 作者: | 路甬祥 总主编 ;欧阳志云 卷主编 | |
| 分册: | 第11卷 中国生态建设与可持续发展 | |
| 出版信息: | 北京 科学出版社 2007 |
|
| 页数: | 12,293页 | |
| 开本: | 31cm | |
| 丛书名: | ||
| 单 册: | ||
| 中图分类: | X22 , X171.1 | |
| 科图分类: | ||
| 主题词: | 可持续发展--研究--中国 , 生态环境--可持续发展--研究--中国 | |
| 电子资源: | ||
| ISBN: | 978-7-03-018173-2 | |
| 000 | 01311nam0 2200313 450 | |
| 001 | 012004126824 | |
| 005 | 20070805150610.25 | |
| 009 | 012004126824 | |
| 010 | @a978-7-03-018173-2@b精装@dCNY85.00 | |
| 035 | @a(110019)012007009070 | |
| 100 | @a20070417d2007 em y0chiy0110 ea | |
| 101 | 0 | @achi |
| 102 | @aCN@b110000 | |
| 105 | @aa z 000yy | |
| 106 | @ar | |
| 200 | 1 | @a中国可持续发展总纲@Azhong guo ke chi xu fa zhan zong gang@h第11卷@i中国生态建设与可持续发展@Izhong guo sheng tai jian she yu ke chi xu fa zhan@f路甬祥总主编@Flu yong xiang zong zhu bian@g欧阳志云[卷]主编@Gou yang zhi yun [ juan ] zhu bian |
| 210 | @a北京@c科学出版社@d2007 | |
| 215 | @a12,293页@c图表@d31cm | |
| 300 | @a“十一五”国家重点图书出版规划项目 | |
| 304 | @a英文提供题名:Overview of China's sustainable development | |
| 330 | @a本书是《中国可持续发展总纲》第11卷。围绕中国生态建设进程与成就,剖析了中国生态系统特征及主要生态环境问题,分析了中国生态敏感性、生态系统服务功能重要性的空间分异规律,提出了中国生态功能区划方案等。 | |
| 606 | 0 | @a可持续发展@x研究@y中国 |
| 606 | 0 | @a生态环境@x可持续发展@x研究@y中国 |
| 690 | @aX22@v4 | |
| 690 | @aX171.1@v4 | |
| 701 | 0 | @a路甬祥@Alu yong xiang@4总主编 |
| 702 | 0 | @a欧阳志云@Aou yang zhi yun@4卷主编 |
| 801 | 0 | @aCN@b110019@c20070805 |
| 905 | @dX22@e113:11@f1 | |
| 中国可持续发展总纲.第11卷.中国生态建设与可持续发展/路甬祥总主编/欧阳志云[卷]主编.-北京:科学出版社,2007 |
| 12,293页:图表;31cm |
| “十一五”国家重点图书出版规划项目 |
| ISBN 978-7-03-018173-2(精装):CNY85.00 |
| 本书是《中国可持续发展总纲》第11卷。围绕中国生态建设进程与成就,剖析了中国生态系统特征及主要生态环境问题,分析了中国生态敏感性、生态系统服务功能重要性的空间分异规律,提出了中国生态功能区划方案等。 |
| ● |
| 相关链接 |
|
|
|
|
正题名:中国可持续发展总纲
索取号:X22/113:11
 
预约/预借
| 序号 | 登录号 | 条形码 | 馆藏地/架位号 | 状态 | 备注 |
| 1 | 0852952 | 208529528 | 第二样本阅览室/ [索取号:X22/113:11] | 在馆 |